[Event "II Weekend della Cipressina A"]
[Site "Venezia ITA"]
[Date "2013.11.30"]
[Round "2"]
[White "Omeri, Silvan"]
[Black "Lodici, Lorenzo"]
[WhiteElo "2209"]
[BlackElo "2050"]
[Result "1-0"]
[PlyCount "113"]
[EventDate "2013.11.29"]

1. c4 e5 2. Nc3 Bb4 3. g3 Bxc3 4. dxc3 d6 5. Bg2 Nc6 6. Nf3 Be6 7. b3 Qd7 8.
Ng5 Nge7 9. Nxe6 Qxe6 10. e4 O-O 11. O-O Kh8 12. Qh5 g6 13. Qh4 f5 14. Bh3 Qf7
15. Bh6 f4 16. Bxf8 Rxf8 17. Rad1 b6 18. Qg4 Ng8 19. Qd7 Qxd7 20. Bxd7 Nb8 21.
Ba4 Nf6 22. f3 Kg7 23. Kg2 Kf7 24. b4 Nbd7 25. Bc6 Ke7 26. a4 g5 27. Ra1 g4 28.
Bxd7 Kxd7 29. Rae1 Ke6 30. fxg4 Nxg4 31. h3 Nh6 32. g4 Nf7 33. h4 h5 34. g5 Nh8
35. Kf3 Ng6 36. Rh1 c5 37. bxc5 Rc8 38. cxb6 axb6 39. Ke2 Rxc4 40. Kd3 Rxa4 41.
Ra1 Rxa1 42. Rxa1 Nxh4 43. Rh1 Ng6 44. Rxh5 b5 45. Rh6 Kf7 46. Rh7+ Ke6 47. Rb7
Ne7 48. Rxb5 Ng6 49. Rb7 Ne7 50. Ke2 Ng6 51. Kf3 Ne7 52. Kg4 Ng6 53. c4 Ne7 54.
Rc7 Kf7 55. Rb7 Ke6 56. Kh5 Kf7 57. Kh6 1-0

[Event "II Weekend della Cipressina A"]
[Site "Venezia ITA"]
[Date "2013.11.30"]
[Round "2"]
[White "Redo, Giorgio"]
[Black "Fregonese, Giulio"]
[WhiteElo "2090"]
[BlackElo "2204"]
[Result "0-1"]
[PlyCount "54"]
[EventDate "2013.11.29"]

1. f4 e5 2. fxe5 d6 3. Nf3 dxe5 4. e4 Nc6 5. Bb5 Bc5 6. Bxc6+ bxc6 7. d3 Nf6 8.
Bg5 Qd6 9. Bxf6 Qxf6 10. Nbd2 a5 11. a4 O-O 12. Nc4 Re8 13. Qe2 Ba6 14. Ne3
Rab8 15. b3 Bb4+ 16. Kf2 Bc5 17. Rhf1 Qh6 18. Rae1 f5 19. exf5 e4 20. Qd2 exf3
21. Kxf3 Qh5+ 22. Kg3 Bd6+ 23. Kf2 Bf4 24. h3 Qg5 25. g4 c5 26. Rg1 Bb7 27. Re2
Qh4+ 0-1

[Event "II Weekend della Cipressina A"]
[Site "Venezia ITA"]
[Date "2013.11.30"]
[Round "2"]
[White "Romagnoli, Thomas"]
[Black "Gallo, Enrico"]
[WhiteElo "1729"]
[BlackElo "2107"]
[Result "1/2-1/2"]
[PlyCount "65"]
[EventDate "2013.11.29"]

1. e4 e6 2. d4 d5 3. Nd2 Nf6 4. e5 Nfd7 5. Bd3 c5 6. c3 Nc6 7. Ne2 cxd4 8. cxd4
f6 9. exf6 Nxf6 10. O-O Bd6 11. Nf3 Qc7 12. g3 O-O 13. Bf4 Bxf4 14. Nxf4 e5 15.
dxe5 Nxe5 16. Rc1 Nxf3+ 17. Qxf3 Qd6 18. Rfe1 Bg4 19. Qe3 Rae8 20. Qd4 Bf3 21.
Re3 Rxe3 22. Qxe3 Be4 23. Bxe4 dxe4 24. Qb3+ Kh8 25. Qxb7 g5 26. Ne2 Qd2 27.
Rc8 Ne8 28. Qxa7 Qe1+ 29. Kg2 Qxe2 30. Qd4+ Kg8 31. Qd5+ Kh8 32. Qd4+ Kg8 33.
Qd5+ 1/2-1/2

[Event "II Weekend della Cipressina A"]
[Site "Venezia ITA"]
[Date "2013.11.30"]
[Round "2"]
[White "Santagati, Marco"]
[Black "Battagin, Mose'"]
[WhiteElo "1792"]
[BlackElo "1851"]
[Result "0-1"]
[PlyCount "82"]
[EventDate "2013.11.29"]

1. d4 d6 2. Nc3 g6 3. e4 Bg7 4. Be3 Nf6 5. h3 c6 6. Nf3 O-O 7. Qd2 Nbd7 8. Bh6
Qc7 9. Bxg7 Kxg7 10. Bd3 e5 11. Ne2 d5 12. Ng3 exd4 13. Nxd4 dxe4 14. Be2 Qe5
15. Nf1 c5 16. Nb5 Qxb2 17. Rd1 Ne5 18. Ne3 Be6 19. Nd6 Rad8 20. Ng4 Nexg4 21.
hxg4 Ng8 22. Qe3 Qe5 23. f4 Qf6 24. Kf2 Rd7 25. Rxh7+ Kxh7 26. Rh1+ Kg7 27. Qh3
Qxf4+ 28. Bf3 Qd2+ 29. Be2 Qd4+ 30. Ke1 Qa1+ 31. Kf2 Qxh1 32. Qxh1 Rxd6 33.
Qa1+ f6 34. Qc3 b6 35. Qg3 Rfd8 36. Ke1 a5 37. g5 Bxa2 38. gxf6+ Nxf6 39. Qe5
Bf7 40. g4 Rd5 41. Qb2 R8d6 0-1

[Event "II Weekend della Cipressina A"]
[Site "Venezia ITA"]
[Date "2013.11.30"]
[Round "2"]
[White "Solomon, Kenny"]
[Black "Renier, Renzo"]
[WhiteElo "2361"]
[BlackElo "1982"]
[Result "1-0"]
[PlyCount "67"]
[EventDate "2013.11.29"]

1. d4 Nf6 2. c4 g6 3. Nc3 d5 4. Nf3 Bg7 5. Qb3 dxc4 6. Qxc4 O-O 7. e4 Bg4 8.
Be2 Nfd7 9. d5 Nb6 10. Qb3 e6 11. Bg5 Bf6 12. Bh6 Re8 13. Rd1 exd5 14. Nxd5
Nxd5 15. Qxb7 Nd7 16. Qxd5 Qe7 17. O-O Bxb2 18. h3 Be6 19. Qd2 Bf6 20. Bb5 Red8
21. Qf4 Bg7 22. Bxg7 Kxg7 23. Nd4 Bxa2 24. Nc6 Qc5 25. Nxd8 Qxb5 26. Qxc7 Nf6
27. Qc3 Qb6 28. Nc6 Rc8 29. Rd6 Be6 30. Rc1 a5 31. g4 Qb3 32. Qe5 Qxh3 33. g5
Qg4+ 34. Kf1 1-0

[Event "II Weekend della Cipressina A"]
[Site "Venezia ITA"]
[Date "2013.11.30"]
[Round "2"]
[White "Stradiotto, Angelo"]
[Black "Zamengo, Bruno"]
[WhiteElo "1751"]
[BlackElo "1941"]
[Result "0-1"]
[PlyCount "72"]
[EventDate "2013.11.29"]

1. e4 e6 2. d4 d5 3. e5 c5 4. dxc5 Nc6 5. Nf3 Bxc5 6. Bd3 Qc7 7. O-O Nxe5 8.
Bf4 Bd6 9. Bxe5 Bxe5 10. Bb5+ Kf8 11. Nxe5 Qxe5 12. Re1 Qg5 13. Nc3 a6 14. Bf1
g6 15. Qd4 Qf6 16. Re5 Ne7 17. Rae1 Kg7 18. Qc5 Nc6 19. R5e2 Rd8 20. Na4 Bd7
21. Nb6 Rab8 22. c3 Qe7 23. Qe3 Qd6 24. Rd2 Ne7 25. Nc4 Qc7 26. Ne5 Nc6 27. Ng4
f5 28. Qh6+ Kh8 29. Nf6 Bc8 30. Rd3 Qg7 31. Rh3 Qxh6 32. Rxh6 Kg7 33. Rxh7+
Kxf6 34. g4 e5 35. h4 fxg4 36. Rh6 Kg7 0-1

[Event "II Weekend della Cipressina A"]
[Site "Venezia ITA"]
[Date "2013.11.30"]
[Round "2"]
[White "Velluti, Alberto"]
[Black "Esposito, Ivan"]
[WhiteElo "1945"]
[BlackElo "1843"]
[Result "1-0"]
[PlyCount "93"]
[EventDate "2013.11.29"]

1. e4 c6 2. d4 d5 3. e5 Bf5 4. Bd3 Bg6 5. Nf3 e6 6. c3 c5 7. Na3 a6 8. O-O Nc6
9. Nc2 Rc8 10. Be3 Qc7 11. dxc5 Nxe5 12. Nxe5 Qxe5 13. Re1 Qc7 14. Nb4 Nf6 15.
Bd4 Be7 16. Qa4+ Kf8 17. c6 Bxd3 18. cxb7 Qxb7 19. Nxd3 Rc4 20. Qd1 Ne4 21. Qh5
Bf6 22. Be5 Bxe5 23. Nxe5 Nf6 24. Qe2 Re4 25. Qd2 h6 26. f3 Rxe1+ 27. Rxe1 Ke7
28. Nd3 Rb8 29. b4 Qb5 30. Nc5 Qc4 31. a3 Nd7 32. Nd3 Rc8 33. Nf4 Kf8 34. Ne2
Nb6 35. Qc2 d4 36. Qh7 dxc3 37. Qh8+ Ke7 38. Qxg7 Nd5 39. Qxh6 Qd3 40. Qg5+ Nf6
41. Ng3 Qd4+ 42. Kh1 Qf2 43. Re2 Qb6 44. Ne4 c2 45. Qxf6+ Kd7 46. Qxf7+ Kc6 47.
Rxc2+ 1-0

[Event "II Weekend della Cipressina A"]
[Site "Venezia ITA"]
[Date "2013.11.30"]
[Round "2"]
[White "Viaggi, Stefano"]
[Black "Negro, Roberto"]
[WhiteElo "2033"]
[BlackElo "2172"]
[Result "1/2-1/2"]
[PlyCount "72"]
[EventDate "2013.11.29"]

1. e4 e6 2. Nf3 d5 3. Nc3 Nf6 4. e5 Nfd7 5. d4 Be7 6. Ne2 c5 7. c3 Nc6 8. a3
Nb6 9. Nf4 c4 10. Nh5 g6 11. Ng3 h6 12. Be2 Bd7 13. O-O Na5 14. Nd2 Ba4 15. Qe1
Qd7 16. f4 O-O-O 17. Nh1 Rdg8 18. Nf2 g5 19. fxg5 Bxg5 20. Ng4 Rg7 21. Nf6 Qd8
22. Bh5 Bc2 23. Nf3 Nb3 24. Bxg5 hxg5 25. Ra2 Bd3 26. Rf2 Nd7 27. Nxd7 Qxd7 28.
g4 Bg6 29. Bxg6 Rxg6 30. Nd2 Rh4 31. Rg2 Nxd2 32. Qxd2 Rh3 33. Qf2 Kd8 34. Ra1
Ke8 35. Rf1 Kf8 36. Qc2 Kg7 1/2-1/2

[Event "II Weekend della Cipressina A"]
[Site "Venezia ITA"]
[Date "2013.11.30"]
[Round "2"]
[White "Vianello, Enrico"]
[Black "Xia, Jie"]
[WhiteElo "2157"]
[BlackElo "2284"]
[Result "1/2-1/2"]
[PlyCount "42"]
[EventDate "2013.11.29"]

1. Nf3 Nf6 2. c4 e6 3. g3 d5 4. Bg2 c5 5. cxd5 Nxd5 6. O-O Nc6 7. d4 Be7 8. Nc3
O-O 9. e4 Nb6 10. d5 exd5 11. exd5 Nb4 12. Ne1 Bf6 13. a3 Bxc3 14. axb4 Bxb4
15. Nc2 Qf6 16. Nxb4 cxb4 17. Be3 Rd8 18. Qb3 a5 19. Rfe1 Bf5 20. Rac1 Rac8 21.
Qa2 a4 1/2-1/2

[Event "II Weekend della Cipressina A"]
[Site "Venezia ITA"]
[Date "2013.11.30"]
[Round "2"]
[White "Zamengo, Fulvio"]
[Black "Guerra, Alessandro"]
[WhiteElo "2116"]
[BlackElo "2226"]
[Result "1-0"]
[PlyCount "98"]
[EventDate "2013.11.29"]

1. e4 c6 2. d4 d5 3. e5 c5 4. dxc5 e6 5. Be3 Nc6 6. Nf3 Nge7 7. Bb5 Nf5 8. Bd4
Qa5+ 9. Nc3 Bd7 10. a3 Nfxd4 11. Nxd4 Nxd4 12. Bxd7+ Kxd7 13. Qxd4 Qxc5 14. Qf4
Be7 15. O-O Ke8 16. Rac1 h5 17. Rfd1 g5 18. Qa4+ Qc6 19. Nb5 Kf8 20. Qb3 Qb6
21. c4 a6 22. Nd4 Qxb3 23. Nxb3 dxc4 24. Rxc4 Rd8 25. Rxd8+ Bxd8 26. Rc8 Kg7
27. Nc5 Bb6 28. Rxh8 Kxh8 29. Nxb7 Kg7 30. Kf1 Kg6 31. Ke2 Kf5 32. Nd6+ Kf4 33.
Nxf7 g4 34. f3 gxf3+ 35. gxf3 Bg1 36. h3 Bd4 37. b4 Kg3 38. Kd3 Bb2 39. a4 Kxh3
40. b5 axb5 41. axb5 Ba3 42. b6 Bc5 43. b7 Ba7 44. Ke4 Kg3 45. f4 h4 46. Ng5
Kg4 47. Nf3 h3 48. Nh2+ Kg3 49. Nf3 Bb8 1-0

[Event "II Weekend della Cipressina A"]
[Site "Venezia ITA"]
[Date "2013.11.30"]
[Round "2"]
[White "Zangrando, Gianpietro"]
[Black "Viviani, Bruno"]
[WhiteElo "1849"]
[BlackElo "1733"]
[Result "1-0"]
[PlyCount "65"]
[EventDate "2013.11.29"]

1. Nf3 Nf6 2. c4 g6 3. Nc3 Bg7 4. g3 c5 5. Bg2 Nc6 6. d4 cxd4 7. Nxd4 O-O 8.
O-O Nxd4 9. Qxd4 d6 10. Qd3 a6 11. h3 Qc7 12. Kh2 Be6 13. Nd5 Bxd5 14. cxd5 Nd7
15. Rb1 Rac8 16. Be3 Qc2 17. Be4 Qa4 18. f4 f5 19. Bf3 Qxa2 20. g4 Qc4 21. Qa3
Nf6 22. gxf5 gxf5 23. Rbc1 Qb5 24. Rcd1 Rc2 25. Rg1 Kh8 26. Bd4 Rxe2+ 27. Bxe2
Qxe2+ 28. Kh1 Qe4+ 29. Rg2 Rg8 30. Qe3 Qxd5 31. Qxe7 Nh5 32. Bxg7+ Rxg7 33.
Qxg7+ 1-0

[Event "II Weekend della Cipressina A"]
[Site "Venezia ITA"]
[Date "2013.11.30"]
[Round "2"]
[White "Zanirato, Stefano"]
[Black "Benetti, Lorenzo"]
[WhiteElo "1866"]
[BlackElo "1768"]
[Result "1-0"]
[PlyCount "35"]
[EventDate "2013.11.29"]

1. e4 d5 2. e5 Nc6 3. Bb5 Bd7 4. Bxc6 Bxc6 5. d4 f6 6. f4 Qd7 7. Nf3 O-O-O 8.
Nc3 g6 9. a4 Bh6 10. b4 b6 11. Qe2 Bb7 12. Nb5 a6 13. Nc3 Qc6 14. Ra3 Qc4 15.
b5 a5 16. O-O f5 17. Qf2 Bg7 18. Nd2 1-0

[Event "II Weekend della Cipressina A"]
[Site "Venezia ITA"]
[Date "2013.11.30"]
[Round "3"]
[White "Alfier, Cecilia"]
[Black "Girgenti, Giuseppe"]
[WhiteElo "1693"]
[BlackElo "1931"]
[Result "0-1"]
[PlyCount "88"]
[EventDate "2013.11.29"]

1. e4 e5 2. Nf3 Nc6 3. Bb5 a6 4. Ba4 Nf6 5. d3 b5 6. Bb3 d6 7. c3 h6 8. h3 Be7
9. O-O O-O 10. Re1 Na5 11. Bc2 c5 12. Nbd2 Be6 13. Nf1 Re8 14. Ng3 Rc8 15. Nh4
Nxe4 16. dxe4 Bxh4 17. Nf5 Bxf5 18. exf5 d5 19. Qg4 Bg5 20. f4 exf4 21. Rxe8+
Qxe8 22. Bxf4 Bxf4 23. Qxf4 Nc4 24. Kf2 Qe5 25. Qxe5 Nxe5 26. Rd1 Rd8 27. Be4
d4 28. cxd4 cxd4 29. b3 Kf8 30. Bd3 Ke7 31. Ke2 Kd6 32. Be4 Ke7 33. Rc1 Rd6 34.
Rc5 Kf6 35. g4 Nd7 36. Rc7 Kg5 37. Bc6 Ne5 38. Be8 Kf4 39. Bxf7 d3+ 40. Kd1 Nf3
41. Be6 d2 42. Rd7 Rc6 43. Rd3 Rc1+ 44. Ke2 Re1+ 0-1

[Event "II Weekend della Cipressina A"]
[Site "Venezia ITA"]
[Date "2013.11.30"]
[Round "3"]
[White "Battagin, Mose'"]
[Black "Redo, Giorgio"]
[WhiteElo "1851"]
[BlackElo "2090"]
[Result "0-1"]
[PlyCount "67"]
[EventDate "2013.11.29"]

1. e4 c5 2. Nf3 Nc6 3. Bb5 Nf6 4. Nc3 d6 5. e5 dxe5 6. Nxe5 Bd7 7. Nxc6 Bxc6 8.
Bxc6+ bxc6 9. Qe2 e6 10. b3 Be7 11. Bb2 O-O 12. O-O-O a5 13. g4 Nd5 14. Qc4 Nb6
15. Qe4 a4 16. h4 axb3 17. axb3 c4 18. bxc4 Ba3 19. d3 Qf6 20. Bxa3 Rxa3 21.
Ne2 Qxf2 22. Nd4 Rb8 23. Nb3 Qf6 24. Rhf1 Qc3 25. Qf4 Rf8 26. Kb1 Rxb3+ 27.
cxb3 Qxb3+ 28. Kc1 Qc3+ 29. Kb1 Qb3+ 30. Kc1 Qc3+ 31. Kb1 Na4 32. Rf2 e5 33.
Qc1 Rb8+ 34. Rb2 0-1

[Event "II Weekend della Cipressina A"]
[Site "Venezia ITA"]
[Date "2013.11.30"]
[Round "3"]
[White "Benetti, Lorenzo"]
[Black "Civitareale, Alberto"]
[WhiteElo "1768"]
[BlackElo "1744"]
[Result "1-0"]
[PlyCount "155"]
[EventDate "2013.11.29"]

1. Nf3 d5 2. b3 Nc6 3. Bb2 Nf6 4. e3 g6 5. d4 a6 6. a3 Bg7 7. Bd3 O-O 8. Nbd2
e6 9. O-O b6 10. Ne5 Nxe5 11. dxe5 Nd7 12. f4 Bb7 13. g3 f6 14. Qg4 Qe8 15. Nf3
fxe5 16. fxe5 c5 17. Qh3 Qe7 18. Qg4 Rae8 19. h4 d4 20. exd4 Bxf3 21. Rxf3 Rxf3
22. Qxf3 cxd4 23. Bxd4 Nxe5 24. Qe3 Nxd3 25. Qxd3 Rd8 26. c3 Bxd4+ 27. cxd4 Qd6
28. Re1 Kh8 29. Kh2 e5 30. Qxa6 Qxd4 31. Re2 e4 32. Qb7 Re8 33. Qf7 Qe5 34. Qf2
b5 35. a4 bxa4 36. bxa4 Kg7 37. Qa7+ Re7 38. Qa6 Qe6 39. Qb5 Qe5 40. Kg2 Qxb5
41. axb5 Kf6 42. b6 Ke5 43. Rb2 Rb7 44. Kf2 Kd4 45. Ke2 Kc3 46. Rb1 Kd4 47. Kd2
h6 48. g4 Kc4 49. Ke3 Kd5 50. Rb5+ Kc4 51. Rb1 Kd5 52. Rd1+ Ke5 53. Rb1 Kd5 54.
Rb2 Kc6 55. Kxe4 Re7+ 56. Kf4 Kb7 57. Rb5 Re6 58. Kf3 Re7 59. Kf4 Re6 60. Rb4
Re7 61. Kf3 Re6 62. Rb2 Re7 63. Rb3 Re6 64. Rb4 Re7 65. Re4 Rf7+ 66. Rf4 Re7
67. Rf6 Rg7 68. Kf4 Rg8 69. Ke5 Rg7 70. Ke6 Kxb6 71. Rf7 Rg8 72. Kf6 Kc6 73.
Rg7 Rf8+ 74. Kxg6 Kd5 75. Kxh6 Rh8+ 76. Kg5 Ke6 77. h5 Rf8 78. h6 1-0

[Event "II Weekend della Cipressina A"]
[Site "Venezia ITA"]
[Date "2013.11.30"]
[Round "3"]
[White "Boscolo, Marco"]
[Black "Solomon, Kenny"]
[WhiteElo "2125"]
[BlackElo "2361"]
[Result "0-1"]
[PlyCount "70"]
[EventDate "2013.11.29"]

1. d4 Nf6 2. Nf3 e6 3. b3 c5 4. e3 cxd4 5. exd4 b6 6. Bb2 Bb4+ 7. c3 Be7 8. Bd3
O-O 9. O-O Bb7 10. Nbd2 d6 11. Qe2 Nbd7 12. c4 Re8 13. Rfd1 Rc8 14. Rac1 Rc7
15. Bb1 Qa8 16. Qd3 Nf8 17. Re1 Ng6 18. h3 d5 19. Qe3 Rec8 20. a3 dxc4 21. bxc4
Bxf3 22. gxf3 Bd6 23. Bxg6 hxg6 24. Rc2 Nh5 25. Ne4 Bf4 26. Qe2 Qc6 27. Bc1 Qd7
28. Be3 e5 29. d5 Qxh3 30. Bxf4 Nxf4 31. Qf1 Qxf3 32. Re3 Qg4+ 33. Ng3 Nxd5 34.
Rxe5 Nf4 35. Re4 Rd8 0-1

[Event "II Weekend della Cipressina A"]
[Site "Venezia ITA"]
[Date "2013.11.30"]
[Round "3"]
[White "Dappiano, Andrea"]
[Black "Omeri, Silvan"]
[WhiteElo "2194"]
[BlackElo "2209"]
[Result "1/2-1/2"]
[PlyCount "90"]
[EventDate "2013.11.29"]

1. e4 c5 2. Nf3 d6 3. d4 cxd4 4. Qxd4 Nc6 5. Bb5 Bd7 6. Bxc6 Bxc6 7. Nc3 Nf6 8.
Bg5 Qb6 9. Qxb6 axb6 10. Bxf6 exf6 11. O-O-O h5 12. Nd4 g6 13. Kb1 h4 14. b4
Be7 15. b5 Bd7 16. Nd5 Bd8 17. f4 Ra4 18. f5 O-O 19. g4 Re8 20. Rhe1 Kh7 21.
Kb2 gxf5 22. gxf5 Rg8 23. Kb3 Rxd4 24. Rxd4 Bxb5 25. c4 Bc6 26. a4 Rg2 27. Rdd1
Kh6 28. Rg1 Rg5 29. Nc3 Bc7 30. Nb5 Bb8 31. Rxg5 fxg5 32. Nxd6 f6 33. h3 Kg7
34. Nb5 Bxe4 35. Rd7+ Kh6 36. Nd6 Bxd6 37. Rxd6 Kg7 38. Rd7+ Kf8 39. Rd6 Kf7
40. Rd7+ Ke8 41. Rd6 Kf7 42. Rd7+ Kg8 43. Rd6 Kg7 44. Rd7+ Kf8 45. Rd6 Kg7
1/2-1/2

[Event "II Weekend della Cipressina A"]
[Site "Venezia ITA"]
[Date "2013.11.30"]
[Round "3"]
[White "Fregonese, Giulio"]
[Black "Zamengo, Fulvio"]
[WhiteElo "2204"]
[BlackElo "2116"]
[Result "1-0"]
[PlyCount "96"]
[EventDate "2013.11.29"]

1. e4 e6 2. d4 d5 3. e5 c5 4. c3 Nc6 5. Nf3 Qb6 6. a3 Bd7 7. b4 cxd4 8. cxd4
Nh6 9. Bb2 Rc8 10. Nc3 Nxb4 11. axb4 Bxb4 12. Qd2 O-O 13. Bd3 Rc6 14. O-O a6
15. Rfb1 Qc7 16. Nxd5 Bxd2 17. Nxc7 Bb4 18. Nxa6 bxa6 19. Bxa6 Rd8 20. Bd3 Bc3
21. Be4 Bxb2 22. Rxb2 Rc4 23. Rb7 Bc6 24. Rc7 Bd5 25. Rxc4 Bxc4 26. Ra8 Rxa8
27. Bxa8 Nf5 28. Be4 Ne7 29. Nd2 Bd5 30. Bxd5 Nxd5 31. Kf1 Kf8 32. Ke2 Ke7 33.
g3 h6 34. Kd3 Kd7 35. Nc4 Ke7 36. Ne3 Nb4+ 37. Ke4 Nc6 38. g4 Na7 39. f4 Nb5
40. h4 Kf8 41. f5 Ke7 42. h5 Nc3+ 43. Kd3 Na4 44. Nc4 f6 45. exf6+ Kxf6 46.
fxe6 Kxe6 47. Ne3 Nb6 48. Ke4 Kf6 1-0

[Event "II Weekend della Cipressina A"]
[Site "Venezia ITA"]
[Date "2013.11.30"]
[Round "3"]
[White "Gallo, Enrico"]
[Black "Zanirato, Stefano"]
[WhiteElo "2107"]
[BlackElo "1866"]
[Result "1-0"]
[PlyCount "119"]
[EventDate "2013.11.29"]

1. e4 Nc6 2. Bc4 e6 3. Nc3 Nf6 4. Nf3 d5 5. exd5 exd5 6. Bb5 Bd6 7. O-O O-O 8.
h3 Ne7 9. d4 h6 10. Re1 c6 11. Bd3 Be6 12. Ne5 Nf5 13. Ne2 Ne4 14. Bf4 Qh4 15.
Bxe4 dxe4 16. Qd2 g5 17. Bg3 Qh5 18. Ng4 Qg6 19. Bxd6 Nxd6 20. b3 Bxg4 21. hxg4
f5 22. gxf5 Qxf5 23. Ng3 Qg4 24. Re3 Rf4 25. Rae1 Raf8 26. Qe2 Qh4 27. Nh1 Rg4
28. c4 Rff4 29. Rg3 Nf5 30. Rxg4 Rxg4 31. Qd2 Qh3 32. Ng3 e3 33. gxh3 exd2 34.
Rd1 Rf4 35. Nxf5 Rxf5 36. Rxd2 Kf7 37. Kg2 Ke6 38. Re2+ Kd6 39. Re4 b5 40. f3
bxc4 41. bxc4 Ra5 42. Re2 Ra3 43. Kf2 Rd3 44. Re4 Rd2+ 45. Ke3 Rxa2 46. h4 Rg2
47. hxg5 Rxg5 48. Rh4 Rg6 49. Rh5 Kc7 50. f4 Kb6 51. f5 Rf6 52. Ke4 a5 53. Ke5
Rf8 54. f6 a4 55. Ke6 a3 56. f7 Ra8 57. Rh1 Ka5 58. d5 cxd5 59. cxd5 a2 60. Ra1
1-0

[Event "II Weekend della Cipressina A"]
[Site "Venezia ITA"]
[Date "2013.11.30"]
[Round "3"]
[White "Lodici, Lorenzo"]
[Black "Romagnoli, Thomas"]
[WhiteElo "2050"]
[BlackElo "1729"]
[Result "1-0"]
[PlyCount "89"]
[EventDate "2013.11.29"]

1. f4 d5 2. Nf3 c5 3. e3 Nc6 4. Bb5 Bd7 5. b3 Nf6 6. Bb2 a6 7. Bxc6 Bxc6 8. O-O
e6 9. Ne5 Qc7 10. d3 Bd6 11. Qe1 O-O-O 12. Nd2 Rdg8 13. e4 Ne8 14. c4 d4 15.
Nxc6 Qxc6 16. b4 f6 17. e5 Be7 18. Ne4 b6 19. a4 f5 20. Nd2 g5 21. a5 gxf4 22.
Nf3 Nc7 23. Rf2 h5 24. Qc1 h4 25. h3 Rg3 26. axb6 Qxb6 27. Rb1 Rhg8 28. Kh2
cxb4 29. Bxd4 Qc6 30. Qxf4 Bg5 31. Nxg5 R8xg5 32. Rbb2 Rg8 33. Qxh4 Rxd3 34.
Rxb4 a5 35. Rbb2 Qxc4 36. Qh7 Qxd4 37. Qxg8+ Qd8 38. Qxd8+ Rxd8 39. Rfd2 Rf8
40. Ra2 Nd5 41. Rxa5 Kb7 42. Rb2+ Kc7 43. Ra7+ Kc6 44. Ra6+ Kd7 45. Rd6+ 1-0

[Event "II Weekend della Cipressina A"]
[Site "Venezia ITA"]
[Date "2013.11.30"]
[Round "3"]
[White "Militello, Michele"]
[Black "Esposito, Ivan"]
[WhiteElo "1796"]
[BlackElo "1843"]
[Result "1/2-1/2"]
[PlyCount "87"]
[EventDate "2013.11.29"]

1. d4 e6 2. Nf3 f5 3. c4 d5 4. e3 c6 5. Be2 Nf6 6. Qc2 Bd6 7. O-O O-O 8. b3
Nbd7 9. Ba3 Bxa3 10. Nxa3 Ne4 11. Qb2 g5 12. Ne5 Nxe5 13. dxe5 g4 14. f3 gxf3
15. Bxf3 Qg5 16. Rae1 Nc5 17. Qd4 Nd7 18. cxd5 exd5 19. Bd1 Qe7 20. Rf3 Qxe5
21. Rg3+ Kh8 22. Bc2 Re8 23. Rf1 Qxd4 24. exd4 Nf6 25. Bxf5 Bxf5 26. Rxf5 Ne4
27. Rd3 Re7 28. Nb1 Rae8 29. Nd2 Nd6 30. Rf1 b6 31. a4 Re3 32. Rxe3 Rxe3 33.
Rf6 Rd3 34. Rxd6 Rxd2 35. Rxc6 Rxd4 36. Rc7 a5 37. Rc6 Rb4 38. Rd6 d4 39. Kf2
Kg7 40. Ke2 Kf7 41. Rd5 Ke6 42. Rb5 Rxb5 43. axb5 Kd5 44. Kd3 1/2-1/2

[Event "II Weekend della Cipressina A"]
[Site "Venezia ITA"]
[Date "2013.11.30"]
[Round "3"]
[White "Negro, Roberto"]
[Black "Vianello, Enrico"]
[WhiteElo "2172"]
[BlackElo "2157"]
[Result "1-0"]
[PlyCount "75"]
[EventDate "2013.11.29"]

1. c4 Nc6 2. Nc3 e5 3. g3 g6 4. Bg2 Bg7 5. Rb1 a5 6. e4 Nf6 7. Nge2 O-O 8. O-O
d6 9. d3 Be6 10. h3 Nd7 11. Be3 Qc8 12. Nd5 Re8 13. f4 f5 14. exf5 Bxf5 15. g4
Be6 16. f5 gxf5 17. gxf5 Bxd5 18. Bxd5+ Kh8 19. Ng3 Nf6 20. Ne4 Nxe4 21. dxe4
Rf8 22. Bg5 Bf6 23. Bh6 Re8 24. Qh5 Re7 25. Qg4 Nd4 26. c5 dxc5 27. a4 c6 28.
Bc4 Qc7 29. Kh1 Rae8 30. Rg1 Qc8 31. Rg2 b5 32. axb5 cxb5 33. Bd5 Nxf5 34. Bg5
Bxg5 35. Qxg5 Rg7 36. Qf6 Rf8 37. Qxe5 Re8 38. Qf4 {...} 1-0

[Event "II Weekend della Cipressina A"]
[Site "Venezia ITA"]
[Date "2013.11.30"]
[Round "3"]
[White "Renier, Renzo"]
[Black "Barbieri, Lorenzo"]
[WhiteElo "1982"]
[BlackElo "1812"]
[Result "0-1"]
[PlyCount "96"]
[EventDate "2013.11.29"]

1. e4 c5 2. Nf3 e6 3. d4 cxd4 4. Nxd4 a6 5. a3 Nf6 6. Nc3 Qc7 7. Be2 b5 8. O-O
Bb7 9. f3 d5 10. exd5 Nxd5 11. Nxd5 Bxd5 12. Re1 Bc5 13. Kh1 O-O 14. c3 Rd8 15.
Bd2 Nc6 16. Nxc6 Qxc6 17. Qc2 Bb3 18. Qc1 Qd5 19. Be3 Bxe3 20. Qxe3 Qd2 21. Qe4
Qc2 22. Qxc2 Bxc2 23. Bd1 Rd2 24. Bxc2 Rxc2 25. a4 Rxb2 26. axb5 Rxb5 27. c4
Rc5 28. Ra4 a5 29. Kg1 Kf8 30. Kf2 Rac8 31. Rea1 Rxc4 32. Rxc4 Rxc4 33. Rxa5
Ke7 34. Ra6 Kf6 35. Rb6 h5 36. Rb2 g5 37. h3 h4 38. Ra2 Kf5 39. Rb2 Kf4 40. Ra2
f5 41. Rb2 e5 42. Ra2 e4 43. Re2 Rc3 44. fxe4 fxe4 45. Ra2 e3+ 46. Ke2 Kg3 47.
Ra4 Rc2+ 48. Kf1 Rf2+ 0-1

[Event "II Weekend della Cipressina A"]
[Site "Venezia ITA"]
[Date "2013.11.30"]
[Round "3"]
[White "Roberti, Ignazio"]
[Black "Stradiotto, Angelo"]
[WhiteElo "1872"]
[BlackElo "1751"]
[Result "1-0"]
[PlyCount "77"]
[EventDate "2013.11.29"]

1. Nf3 Nf6 2. b3 g6 3. Bb2 Bg7 4. e3 c5 5. d4 O-O 6. Be2 b6 7. c4 e6 8. Nc3 Bb7
9. O-O d6 10. Ng5 Nc6 11. Bf3 Qd7 12. h4 h5 13. Nce4 Nxe4 14. Nxe4 Ne7 15. Qe2
f5 16. Ng5 Bxf3 17. Qxf3 cxd4 18. exd4 Nc6 19. Nxe6 Qxe6 20. d5 Qe4 21. Qxe4
fxe4 22. Bxg7 Kxg7 23. dxc6 Rac8 24. Rfe1 Rfe8 25. Rad1 Rxc6 26. Rd4 Kf6 27.
Rdxe4 Re5 28. f3 Rc8 29. Kf2 Rce8 30. Rxe5 Rxe5 31. Rxe5 dxe5 32. Ke3 Kf5 33.
b4 Ke6 34. Ke4 Kd6 35. a3 a6 36. g3 Ke6 37. c5 bxc5 38. bxc5 a5 39. a4 1-0

[Event "II Weekend della Cipressina A"]
[Site "Venezia ITA"]
[Date "2013.11.30"]
[Round "3"]
[White "Viviani, Bruno"]
[Black "Santagati, Marco"]
[WhiteElo "1733"]
[BlackElo "1792"]
[Result "1-0"]
[PlyCount "85"]
[EventDate "2013.11.29"]

1. d4 e6 2. Nc3 Nf6 3. e4 d5 4. Bg5 dxe4 5. Nxe4 Be7 6. Bxf6 Bxf6 7. Nf3 Nd7 8.
Bd3 c6 9. Qd2 Qc7 10. O-O-O b6 11. Qe3 Bb7 12. Kb1 O-O-O 13. Nfd2 Be7 14. c4
Kb8 15. Nb3 h6 16. f4 Rhe8 17. Rc1 Bf8 18. Qf2 f5 19. Nc3 c5 20. Rhe1 cxd4 21.
Nb5 Qc8 22. N5xd4 Nc5 23. Bc2 g6 24. Qg3 Bd6 25. Nb5 Be7 26. Qxg6 Rg8 27. Qf7
Bh4 28. g3 Rdf8 29. Qh5 Bf6 30. Qe2 Na4 31. N3d4 Be4 32. Nd6 Bxc2+ 33. Qxc2 Qd7
34. N6b5 Nc5 35. Nf3 Rd8 36. Re3 Qg7 37. Ne5 Bxe5 38. fxe5 Ne4 39. Rxe4 fxe4
40. Qxe4 Qg6 41. Qxg6 Rxg6 42. Nd6 Rf8 43. c5 1-0

[Event "II Weekend della Cipressina A"]
[Site "Venezia ITA"]
[Date "2013.11.30"]
[Round "3"]
[White "Xia, Jie"]
[Black "Viaggi, Stefano"]
[WhiteElo "2284"]
[BlackElo "2033"]
[Result "1-0"]
[PlyCount "53"]
[EventDate "2013.11.29"]

1. d4 Nf6 2. Bg5 e6 3. e4 Be7 4. Bxf6 Bxf6 5. Nc3 c5 6. Nf3 O-O 7. e5 Be7 8. d5
d6 9. Bc4 exd5 10. Bxd5 Nc6 11. exd6 Bxd6 12. Ne4 Be7 13. h3 Nd4 14. c4 Qa5+
15. Nfd2 Bf5 16. O-O Rad8 17. Re1 Qc7 18. Rc1 b6 19. Rc3 Be6 20. Bxe6 Nxe6 21.
Rce3 Rd7 22. Nc3 Bg5 23. Nd5 Qd8 24. Rg3 Nf4 25. Ne4 Nxd5 26. Rxg5 Nf4 27. Qxd7
1-0

[Event "II Weekend della Cipressina A"]
[Site "Venezia ITA"]
[Date "2013.11.30"]
[Round "3"]
[White "Zamengo, Bruno"]
[Black "Brun, Dario"]
[WhiteElo "1941"]
[BlackElo "2241"]
[Result "0-1"]
[PlyCount "62"]
[EventDate "2013.11.29"]

1. e4 e5 2. Nf3 Nc6 3. Bb5 f5 4. Nc3 fxe4 5. Nxe4 Nf6 6. Qe2 d5 7. Nxf6+ gxf6
8. O-O Bg7 9. Nh4 O-O 10. Bxc6 bxc6 11. f4 f5 12. Qf2 e4 13. g3 d4 14. b3 c5
15. Ba3 Qd5 16. c4 Qc6 17. b4 Qa6 18. Bb2 Qxc4 19. bxc5 Rb8 20. Rac1 Qd5 21.
Ba1 Bb7 22. Ng2 Bc6 23. Rfd1 Rfd8 24. Qf1 Ba4 25. Re1 Bb5 26. Qf2 Bc6 27. Qe2
e3 28. dxe3 d3 29. Qd2 Qxg2+ 30. Qxg2 Bxg2 31. Bxg7 Kxg7 0-1